000 00199 a2200097 4500
001 42717
100 _aMars
245 _aArctic Submarine
260 _aLondon
_bElek Books
_c
090 _c26609
_d26609
942 _aNUST-CAE
_cM
_c18457
999 _c277790
_d277790